000 00328 a2200169 4500
001 183322
020 _a85-08-05841-1
040 _cMagnum
100 _aMarcondes, Lucila
240 1 0 _aO sangue
_lpor
245 1 0 _aO sangue
300 _a7948
362 0 _a1996
440 1 _aÁtica
697 _aCIÊNCIAS
942 _cBK
999 _c183322
_d183322